| 000 | 00570nam a2200193Ia 4500 | ||
|---|---|---|---|
| 999 |
_c2085 _d2085 |
||
| 020 | _a81-85195-657 | ||
| 082 | _a333.918658 KUN-; | ||
| 100 | _aKundu, Nitai | ||
| 245 | 0 | _aManaging wetlands: a policy perspective | |
| 260 |
_aCalcutta _bInstitute of Wetland Management and Ecol _c1997 |
||
| 300 | _a192p. | ||
| 504 | _aIncludes index | ||
| 650 | _aWetland management - West Bengal | ||
| 650 | _aWetlands - Economic aspects - West Bengal | ||
| 650 | _aWetland ecology - West Bengal | ||
| 700 | _aBhattacharya, Mohit | ||
| 700 | _aMukherjee, Ambarish | ||
| 942 | _cBK | ||